00728nam a22002417a 450000500170000000800410001701000140005802000260007202000230009803500130012103500170013403700150015103700170016604000180018308200060020124500740020726000300028127000620031130000240037350000410039765000270043870000210046520090611160635.0090611t xxu||||| |||| 00| 0 eng d aENG-93956 a9788189632069c250.00 a818963206Xc250.00 aEN-77489 aB-365377-389 bDBAD / PUB bAakar Books  adplbEnglish  aS aAfsaneh:cedited by Kaveh Basmenji bshort stories by Iranian women / aNew Delhi bStanza c2007 a22-C, Pocket-C, Siddhartha Extension bNew Delhi e110014 a200p. c19cm (pbk)  aIncludes bibliographical references  aShort stories, English aBasmenji, Kaveh